000 00579nam a2200205Ia 4500
001 12696
003 GE_BSU
008 181216s||||||||xx |||||||||||||| ||und||
040 _cGE_BSU
080 _a633.11
245 _aМироновские пшеницы
245 _cПод.общ.ред.В.Н.Ремесло.[ Ред.Е.С.Монова. Худ.Д.А.Исаев]
260 _aМосква
260 _bКолос
260 _c1972
300 _a287стр.21см.илл.
300 _eТаблицы
653 _aМироновские пшеницы
942 _cBK
999 _c45867
_d45867